000
00311nam a2200133Ia 4500
008
191201s2003 xx 000 0 und d
082
_a
005.133
_b
DEC
100
_a
DESAI, S
245
0
_a
C under DOS Test
260
_a
N.Delhi
_b
BPB Publication
_c
2003
300
_a
247
650
_a
B.Tech(IT)
942
_2
ddc
_c
BK
999
_c
2872
_d
2872